LEADER 00910nam0 2200289 450 001 9910636801403321 005 20230912101700.0 010 $a978-88-6897-280-6 100 $a20230113d2022----km y0itay50 ba 101 0 $aita 102 $aIT 105 $ay 001yy 200 1 $a<>ontologie bibliografiche$emodelli concettuali e vocabolari condivisi per l'universo bibliografico$fa cura di Maria Teresa Biagetti 210 $aRoma$cBulzoni Editore$d2022 215 $a161 p.$d24 cm 225 1 $aBiblioteconomia scienza dell'informazione archivistica$v1 676 $a025.0427$v23$zita 702 1$aBiagetti$bMaria Teresa 801 0$aIT$bUNINA$gRICA$2UNIMARC 901 $aBK 912 $a9910636801403321 952 $aBIA010A$b4068$fDECBC 952 $a025.04 BIAM 01$b2023/1020$fFLFBC 959 $aFLFBC 959 $aDECBC 996 $aOntologie bibliografiche$92999522 997 $aUNINA LEADER 05164nam 2200517 450 001 9910814832203321 005 20220522120320.0 010 $a3-8498-1342-8 035 $a(CKB)4100000009763893 035 $a(Au-PeEL)EBL6269043 035 $a(OCoLC)1181847630 035 $a5d77ae79-cfcc-4697-bd2a-798cb0dd2d03 035 $a(MiAaPQ)EBC6269043 035 $a(EXLCZ)994100000009763893 100 $a20220522d2019 uy 0 101 0 $ager 135 $aurcnu|||||||| 181 $ctxt$2rdacontent 182 $cc$2rdamedia 183 $acr$2rdacarrier 200 00$aChristof Hamann $eGehen, Stolpern, Schreiben /$fAndreas Erb (Hg.) 205 $a1st ed. 210 1$aBielefeld :$cAisthesis Verlag,$d[2019] 210 4$d©2019 215 $a1 online resource (260 pages) 300 $aPublicationDate: 20190301 311 $a3-8498-1341-X 327 $aFrontcover -- Titel -- Impressum -- Vorbemerkung -- Inhalt -- Andreas Erb: Bruchstu?cke -- Christof Hamann: Gehen : Notieren -- Christof Hamann: Stolpern : Bla?ttern -- Christof Hamann: Abschreiten : Abschreiben -- Susanne Catrein: Ortskunde -- Alexander Honold: Wie Schreiben ,geht' -- Rolf Parr: Schreib-Bewegungen bei Christof Hamann -- Thomas Ku?pper: Bla?ttern und Zapping als Mo?glichkeiten des ziellosen Gleitens -- Christoph Cox: Von der Kunst, in Toreinga?ngen zu verschwinden -- Ansgar Mohnkern: Straucheln und Stolpern -- Daniela Hahn: Stolpern und Staunen -- Filippo Smerilli: Konkurrenz zwischen Zorn und Abscheu -- Das Stocken u?berwinden: E-Mail von Marcel Beyer -- Sammeln und adaptieren: E-Mail von Gunther Geltinger -- Dem Text auf die Schliche kommen: E-Mail von Felicitas Hoppe -- U?berschreiben: Text von Tom Schulz -- Auf der Suche nach dem Unselbsta?ndigen: Christof Hamann und Thomas Meinecke im Gespra?ch -- Jessica Ullrich: Kinder Gottes -- Johanna Oechsle: Volatilita?tstheorie -- Theresa Mu?ller: Baukasten -- Nicolas Pethes: Nicht zu halten -- Peter Riek: "Toteis -- Hermann Kinder: "Fester -- Stephanie Catani: "So ha?tte es gewesen sein ko?nnen." -- Andreas Erb: "Warszawa to nie prawda" -- Julia Scho?ll: Erza?hlen vom Ich: "Nur ein Schritt bis zu den Vo?geln -- Christopher Quadt: Werkverzeichnis Christof Hamann -- Beitra?gerinnen und Beitra?ger -- Backcover. 330 $aLong description: Vom 10. bis zum 13. Juli 2017 war Christof Hamann als Poet in Residence zu Gast an der Universität Duisburg-Essen. Die drei Vorlesungen, die er im Abstand von einem Jahr im Sommer 2018 überarbeitet hat, bilden den Kern des vorliegenden Bandes. Begleitet werden diese drei Vorlesungen erstens von kleinen Tiefenbohrungen zu Themen/Gegenständen der Vorträge: Christof Hamann fragt Marcel Beyer, Gunther Geltinger, Felicitas Hoppe, Tom Schulz und Thomas Meinecke nach ihrem Verhältnis zum Abschreiben, Ansgar Mohnkern und Daniela Hahn besehen sich das Stolpern bei Goethe und Beckett, Filippo Smerilli sucht es in einer Familiengeschichte; Christoph Cox und Thomas Küpper erweitern die Vorlesungen um Essays über Walter Benjamin bzw. über das Zappen als andere Form des Blätterns. Zweitens liegen sieben Essays vor, die das Romanwerk von Hamann untersuchen, überblicksweise (Alexander Honold und Rolf Parr) und exemplarisch (Nicolas Pethes, Hermann Kinder, Stephani Catani, Andreas Erb und Julia Schöll). Susanne Catrein legt eine imaginäre Kartographie der Romanwelten von Hamann vor, Peter Riek zeigt eine Installationsarbeit, die stark von Der Reiter und der Bodensee und Seegfrörne beatmet wurde. Drei Arbeitsproben aus der Schreibwerkstatt (Von der Notiz zum Text) von Jessica Ullrich, Johann Oechsle und Theresa Müller ergänzen den Band ebenso wie eine umfängliche Bibliografie von Christopher Quadt rund um Hamanns literarisches Arbeiten. 330 $aLong description: Gehen, Stolpern, Schreiben Die Vorlesungen stellen einen Zusammenhang her zwischen dem Er-Schreiben von Welt und Formen willensschwacher Fortbewegung in ihr. Dabei entsprechen Gehen, Stolpern und Zaudern drei unterschiedlichen Modi des Schriftverkehrs mit Landschafts- und Stadt-, ebenso wie mit Innenräumen ? kein fließender, sondern eher ein umständlicher, stockender, von Unfällen gezeichneter. So gilt mein Interesse weniger dem zielgerichteten als vielmehr dem ziellosen, dem sich verlierenden oder zumindest dem sich Umwege leistenden und gerade deshalb artistischen Gehen und ihm korrespondierenden Denk- und Schreibformen. Es gilt unerwarteten Stolpersteinen, die Gehenden und Schreibenden einen kleinen, wenngleich energischen Schock versetzen. Und es gilt einer Haltung des Zauderns, die durch Unentschlossenheit, Grübeln, Erstarren Zonen produktiver Unbestimmtheit eröffnet. 606 $aAutorschaft 606 $aPoet in Residence 606 $aZaudern 615 00$aAutorschaft 615 00$aPoet in Residence 615 00$aZaudern 676 $a833.92 700 $aHamann$b Christof$4aut$01676744 702 $aErb$b Andreas$f1958- 801 0$bMiAaPQ 801 1$bMiAaPQ 801 2$bMiAaPQ 906 $aBOOK 912 $a9910814832203321 996 $aChristof Hamann$94043137 997 $aUNINA LEADER 01281nam0 22003011i 450 001 UON00229993 005 20231205103456.817 100 $a20030730d1976 |0itac50 ba 101 $afre 102 $aFR 105 $a|||| ||||| 200 1 $a Questions IV$fMartin Heidegger$gtrad. de Jean Beaufret$bet al.] 205 $aParis : Gallimard$b1976 210 $a341 p.$a18 cm 215 $aCont.: Temps et Etre; La fin de la philosophie et la tache de la pensée; Le tournant; La phenomenologie et la pensée de l'etre; Les seminaires du Thor; Le seminaire de Zahringen 410 1$1001UON00176837$12001 $a Classiques de la Philosophie$1210 $aParis$cGallimard. 606 $aFilosofia$xStudi$3UONC049702$2FI 620 $aFR$dParis$3UONL002984 676 $a101$cTeoria della filosofia$v20 700 1$aHeidegger$bMartin$3UONV061177$010351 702 1$aBEAUFRET$bJean$3UONV059835 712 $aGallimard$3UONV246610$4650 801 $aIT$bSOL$c20250620$gRICA 899 $aSIBA - SISTEMA BIBLIOTECARIO DI ATENEO$2UONSI 912 $aUON00229993 950 $aSIBA - SISTEMA BIBLIOTECARIO DI ATENEO$dSI FS 01342 $eSI LO 5653 5 996 $aQuestions IV$91272210 997 $aUNIOR